Union territory sixth schedule autonomy leh zoumite (Record no. 7560)

MARC details
000 -LEADER
fixed length control field 00413nam a2200157Ia 4500
003 - CONTROL NUMBER IDENTIFIER
control field GBCCL
005 - DATE AND TIME OF LATEST TRANSACTION
control field 20241126110631.0
008 - FIXED-LENGTH DATA ELEMENTS--GENERAL INFORMATION
fixed length control field 180823b ||||| |||| 00| 0 eng d
040 ## - CATALOGING SOURCE
Transcribing agency gbc
082 ## - DEWEY DECIMAL CLASSIFICATION NUMBER
Classification number VER 495
Item number HAN
100 ## - MAIN ENTRY--PERSONAL NAME
Personal name Hangshing, Thathang
9 (RLIN) 13356
245 ## - TITLE STATEMENT
Title Union territory sixth schedule autonomy leh zoumite
260 ## - PUBLICATION, DISTRIBUTION, ETC.
Date of publication, distribution, etc. 2002.
Place of publication, distribution, etc. Lamka:
Name of publisher, distributor, etc. L.Khuokhanthang,
300 ## - PHYSICAL DESCRIPTION
Extent 139p. ;
942 ## - ADDED ENTRY ELEMENTS (KOHA)
Source of classification or shelving scheme Dewey Decimal Classification
Koha item type Books
Koha issues (borrowed), all copies 1
Holdings
Withdrawn status Lost status Source of classification or shelving scheme Damaged status Not for loan Collection Home library Current Library Shelving location Date acquired Total checkouts Full call number Barcode Date last seen Date last checked out Copy number Price effective from Koha item type
    Dewey Decimal Classification       GRACE BIBLE COLLEGE GRACE BIBLE COLLEGE Vernacular 2018-08-23 1 VER 495 HAN 002848 2025-05-01 2022-04-18 c.1 2018-08-23 Books
© Grace Bible College Library 2025